000 02189nam0a2200349 4500
001 RU\NLR\BIBL_A\022279393
005 20260420012236.0
010 _a978-5-907599-30-7
_9300
021 _aRU
_bКН-П-24-032655
_9КН-П-24-3304
035 _a(NLR Aleph) 022279393
090 _a13660776
_c13660776
100 _a20240716d2022 u y0rusy50 ca
101 0 _arus
102 _aRU
105 _aa|||j|||000yy
181 0 _ai
_baxxe
182 0 _an
200 1 _aПрогнозирование последствий чрезвычайных ситуаций природного и техногенного характера
_eучебное пособие
_fО. Н. Чудинова, Т. В. Чередова, А. А. Бутакова, Ю. С. Воронина
_gМинобрнауки России, Федеральное государственное бюджетное образовательное учреждение высшего образования "Восточно-Сибирский государственный университет технологий и управления" (ВСГУТУ)
203 _aТекст
_bвизуальный
_cнепосредственный
210 _aУлан-Удэ
_cИзд-во ВСГУТУ
_d2022
215 _a85 с.
_cил., табл.
_d29
606 1 _aТехногенные катастрофы
_jУчебные издания для высших учебных заведений
_xБезопасность жизнедеятельности
_92274128
_3RU\NLR\AUTH\661362915
606 1 _aЧрезвычайные ситуации
_jУчебные издания для высших учебных заведений
_xПрогнозирование
_92169616
_3RU\NLR\AUTH\661305189
686 1 _aЦ69,5(0)0я73-1
701 1 _aЧудинова
_bО. Н.
_gОльга Николаевна
701 1 _aЧередова
_bТ. В.
_gТатьяна Викторовна
701 1 _aБутакова
_bА. А.
_gАнна Александровна
701 1 _aВоронина
_bЮ. С.
_gЮлия Сергеевна
942 _cBOOK
980 _aNB